| 000 | 00524 a2200181 4500 | ||
|---|---|---|---|
| 999 |
_c6041 _d6041 |
||
| 020 | _a0495438111 | ||
| 050 | _aTA351SOU2008 | ||
| 100 |
_aSoutas-Lite, Robert W _eauthor |
||
| 245 |
_aEngineering mechanics : _bstatics / _cRobert W Soutas-Little; D J Inman; Daniel S Balint |
||
| 250 | _aComputational edition | ||
| 264 |
_aToronto : _b Thomson, _cC2008 |
||
| 300 | _a473p. : | ||
| 500 | _aincludes index | ||
| 650 | _a Statics. | ||
| 700 | _aInman Daniel J | ||
| 700 | _aBalint Daniel S | ||
| 942 |
_2lcc _cBK _h351 _iSOU _kTA |
||